Top des langues européennes sur une carte - Statistiques

Statistiques générales
  • Ce quiz a été pris 477 fois
  • Le résultat moyen est 33 sur 43
Réponses sur la Carte
Les réponses sont colorées sur une échelle allant du rouge au vert en fonction du pourcentage des utilisateurs qui les ont devinées à leur premier essai. Vous pouvez retrouver ces pourcentages ci-dessous.
 
Statistiques - réponses
pop langue % Correct
60 mil anglais
100%
66 mil français
100%
65 mil italien
100%
38 mil espagnol
99%
106 mil russe
99%
97 mil allemand
98%
10 mil portugais
98%
9.1 mil suédois
97%
11 mil grec
96%
39 mil polonais
96%
4.7 mil norvégien
95%
24 mil roumain
95%
32 mil ukrainien
94%
4.0 mil catalan
93%
5.5 mil danois
93%
1.1 mil estonien
92%
5.6 mil croate
91%
9.0 mil serbe
91%
10 mil tchèque
91%
7.8 mil bulgare
90%
13 mil hongrois
89%
1.7 mil letton
89%
3.0 mil lituanien
88%
5.2 mil slovaque
87%
22 mil néerlandais
86%
5.4 mil albanais
84%
5.4 mil finnois
84%
3.3 mil biélorusse
83%
2.1 mil slovène
82%
12 mil turc
82%
4.7 mil sicilien
76%
1.4 mil macédonien
75%
2.5 mil bosnien
67%
1.2 mil sarde
54%
5.7 mil napolitain
52%
2.4 mil galicien
50%
1.0 mil kazakh
41%
3.6 mil lombard
31%
1.4 mil tchétchène
27%
1.6 mil piémontais
26%
1.5 mil romani
7%
3.8 mil vénète
7%
1.1 mil tchouvache
3%
Aucun quiz correspondant
Distribution des résultats
% des personnes avec chaque résultat
Percentile par nombre de réponses
Votre historique - résultats
Vous n’avez pas pris ce quiz